Normal view
MARC view
- Morgan Creek Productions
Entry Corporate Name
001 - CONTROL NUMBER
- control field: 35196
003 - CONTROL NUMBER IDENTIFIER
- control field: OSt
005 - DATE AND TIME OF LATEST TRANSACTION
- control field: 20140213121108.0
008 - FIXED-LENGTH DATA ELEMENTS
- fixed length control field: 140213|| aca||aabn | a|a d
040 ## - CATALOGING SOURCE
- Original cataloging agency: OSt
110 20 - HEADING--CORPORATE NAME
- Corporate name or jurisdiction name as entry element: Morgan Creek Productions
410 20 - SEE FROM TRACING--CORPORATE NAME
- Corporate name or jurisdiction name as entry element: Morgan Creek (Firm)